Hooked on TOEFL iBT Listening / TOEFL iBT listening

Đã lưu trong:
書目詳細資料
主要作者: Hoài Nam
格式: 圖書
語言:English
出版: HCM, TỔNG HỢP TPHCM 2010.
版:new edition
主題:
標簽: 添加標簽
沒有標簽, 成為第一個標記此記錄!
Thư viện lưu trữ: Mạng thư viện Đại học Đà Nẵng
LEADER 01001cam a22003011a 4500
001 000035177
003 11448
005 20221026153809.0
008 151105s2010 vm 000 eng
020 |a 9786048557034 
041 |a eng 
082 |a 420.8  |b HO-N 
100 |a Hoài Nam 
245 0 |a Hooked on TOEFL iBT Listening /  |c Hoài Nam  |n TOEFL iBT listening 
250 |a new edition 
260 |b TỔNG HỢP TPHCM  |a HCM,  |c 2010. 
300 |a 175tr. :  |b ill. ;  |c 27,5cm+CD. 
653 |a TOEFL iBT Listening  |a TOEFL iBT  |a TOEFL 
OWN |a LNN 
AVA |a UDN50  |b LNN  |c English  |d 420.8 HO-N  |e available  |t Error 5001 Not defined in file expand_doc_bib_avail.  |f 9  |g 0  |h N  |i 0  |j AN 
999 |a From the UDN01 
AVA |a UDN50  |b LNN  |c English  |d 420.8 HO-N  |e available  |t Error 5001 Not defined in file expand_doc_bib_avail.  |f 9  |g 0  |h N  |i 0  |j AN 
TYP |a Monograph 
TYP |a Printed language 
980 |a Mạng thư viện Đại học Đà Nẵng